La patria no se hizo sola: las revoluciones de las independencias iberoamericanas

Збережено в:
Бібліографічні деталі
Автори: Chust, Manuel (Автор), Frasquet, Ivana (Автор)
Формат: Книга
Мова:Іспанська
Опубліковано: Madrid Sílex 2012
Предмети:
Теги: Додати тег
Немає тегів, Будьте першим, хто поставить тег для цього запису!

MARC

LEADER 00000cam a2200000 a 4500
001 UCF0680
003 CL-VaPUC
008 120531e20120000SP |||||||||||||||||spa|d
020 |a 9788477375623 
082 0 4 |a 980  |b CHU  |2 21 
100 0 |a Chust, Manuel  |e author  |9 562410 
700 0 |a Frasquet, Ivana  |e author  |9 562411 
245 1 3 |a La patria no se hizo sola: las revoluciones de las independencias iberoamericanas 
300 |a 340 p 
942 |c BK 
945 |d 20120531 00:00:00  |a dcastane 
260 |a Madrid  |b Sílex  |c 2012 
650 7 |a HISTORIA DE AMERICA LATINA SIGLOS 19-20  |2 CL-VaPUC  |9 549981 
650 7 |a REVOLUCION AMERICANA  |2 CL-VaPUC  |9 439168 
583 |a last modification  |c 20130320 03:00:50  |k Rodrigo Vera 
999 |c 347862  |d 347860 
952 |0 0  |1 0  |4 0  |6 980_000000000000000_CHU_2012  |7 0  |8 A  |9 449560  |a BIBHIS  |b BIBHIS  |d 2019-11-22  |i 4870360  |l 4  |o 980 CHU 2012  |p 4870360  |r 2025-01-20  |s 2020-10-06  |w 2019-11-22  |y BK  |k HIS